| 000 | 00659nam a2200253Ia 4500 | ||
|---|---|---|---|
| 003 | OSt | ||
| 005 | 20221005090408.0 | ||
| 006 | a|||||r|||| 00| 0 | ||
| 007 | ta | ||
| 008 | 221004b |||||||| |||| 00| 0 eng d | ||
| 024 | _a29398 | ||
| 037 | _cTextual | ||
| 040 |
_aCRL _cCRL _beng |
||
| 041 |
_2eng _aeng |
||
| 082 | _aR1, F9 | ||
| 100 |
_aLatta Robert _9598523 |
||
| 245 | 0 | _aElements of logic | |
| 260 |
_aNew York _bMacmillan & Co. Ltd _c1956 |
||
| 300 |
_a393p. _ccm. |
||
| 650 | _aPHILOSOPHY | ||
| 700 |
_a Macbeath Alexander _9598524 |
||
| 942 |
_hR1, F9 _cTEXL _2cc |
||
| 999 |
_c995742 _d995742 |
||